00566nam a2200181Ia 4500003000900000008004100009040001600050080002300066245010200089260003500191300001600226650002900242650001900271650002000290650002100310700002700331700002600358IN-BaIIA211028s9999 xx 000 0 eng d cIIA Library a047.1:539.1bADV-6 0aAdvances in nuclear science and technologybvol. 6cedited by Ernest J. Henley and Jeffery Lewins aNew YorkbAcademic Pressc1972 axiii, 239p. aHigh rnergy interactions aNASA Thesaurus aNuclear physics aNuclear research aHenley, Ernest J., ed. aLewins, Jeffery., ed.